Практикум по зоогигиене с основами проектирования животноводческих объектов (Запись № 685719)

Подробности
000 -МАРКЕР
контрольное поле 02109nam0a2200361 4500
001 - ИДЕНТИФИКАТОР ЗАПИСИ
контрольное поле RU\NLR\bibl\1031431
005 - ИДЕНТИФИКАТОР ВЕРСИИ
контрольное поле 20260407142235.0
010 ## - МЕЖДУНАРОДНЫЙ СТАНДАРТНЫЙ НОМЕР КНИГИ (ISBN)
Номер (ISBN) 5-9532-0313-6
Тираж 2000
021 ## - НОМЕР ГОСУДАРСТВЕННОЙ РЕГИСТРАЦИИ
Код страны Российская Федерация
Номер 2006-76300
Номер Листа государственной регистраци 3861
035 ## - ДРУГИЕ СИСТЕМНЫЕ НОМЕРА
Идентификатор записи (NLR Aleph) 001018891
100 ## - ДАННЫЕ ОБЩЕЙ ОБРАБОТКИ
Данные общей обработки 20070117d2006 |||y0rusy50 ca
101 0# - ЯЗЫК РЕСУРСА
Язык текста, звукозаписи и т.д. русский
102 ## - СТРАНА ПУБЛИКАЦИИ ИЛИ ПРОИЗВОДСТВА
Страна публикации Российская Федерация
105 ## - ПОЛЕ КОДИРОВАННЫХ ДАННЫХ: ТЕКСТОВЫЕ МАТЕРИАЛЫ, МОНОГРАФИЧЕСКИЕ
Кодированные данные о монографическом текстовом документе a |||||||||
200 1# - ЗАГЛАВИЕ И СВЕДЕНИЯ ОБ ОТВЕТСТВЕННОСТИ
Основное заглавие Практикум по зоогигиене с основами проектирования животноводческих объектов
Сведения, относящиеся к заглавию учебное пособие для студентов высших учебных заведений, обучающихся по специальности 110401 "Зоотехния" и 111201 "Ветеринария"
Первые сведения об ответственности Междунар. ассоц. "Агрообразование"
Последующие сведения об ответственности [А.Ф. Кузнецов и др.
-- ред.: Е.В. Мухторина]
210 ## - ПУБЛИКАЦИЯ, РАСПРОСТРАНЕНИЕ И ДР.
Место издания, распространения и т.д. Москва
Имя издателя, распространителя и т. д. КолосС
Дата издания, распространения и т.д. 2006
215 ## - ФИЗИЧЕСКАЯ ХАРАКТЕРИСТИКА
Специфическое обозначение материала и объем 342, [1] с., [4] л. цв. ил.
Другие сведения о физической характеристике ил.
Размеры 22
225 1# - СЕРИЯ
Основное заглавие серии Учебники и учебные пособия для студентов высших учебных заведений
225 1# - СЕРИЯ
Основное заглавие серии Учебник
320 ## - ПРИМЕЧАНИЯ О НАЛИЧИИ В ДОКУМЕНТЕ БИБЛИОГРАФИИ / УКАЗАТЕЛЯ
Текст примечания Библиогр.: с. 340 (23 назв.)
606 1# - НАИМЕНОВАНИЕ ТЕМЫ КАК ПРЕДМЕТ
Наименование темы Животноводческие постройки
Формальный подзаголовок Учебные издания для высших учебных заведений
Тематический подзаголовок Проектирование
-- Зоогигиенические требования
Системный номер авторитетной/нормативной записи 2451011
Идентификатор авторитетной/нормативной записи RU\NLR\auth\661457284
686 ## - ИНДЕКСЫ ДРУГИХ КЛАССИФИКАЦИЙ
Индекс П811.5я73
702 #1 - ИМЯ ЛИЦА - ВТОРИЧНАЯ ОТВЕТСТВЕННОСТЬ
Код отношения Редактор
Материалы, к которым относится поле rus
Графика поля Кириллица
Начальный элемент ввода Мухортова
Часть имени, кроме начального элемента ввода Е. В.
Дополнения к именам, кроме дат животновод
Идентификатор авторитетной/нормативной записи RU\NLR\AUTH\7751877
Системный номер авторитетной/нормативной записи 34810
702 #1 - ИМЯ ЛИЦА - ВТОРИЧНАЯ ОТВЕТСТВЕННОСТЬ
Код отношения Составитель
Материалы, к которым относится поле rus
Графика поля Кириллица
Начальный элемент ввода Кузнецов
Часть имени, кроме начального элемента ввода А. Ф.
Даты 1938-
Дополнения к именам, кроме дат д-р вет. наук
Расширение инициалов личного имени Анатолий Федорович
Идентификатор авторитетной/нормативной записи RU\NLR\auth\7729589
Системный номер авторитетной/нормативной записи 12618
712 02 - НАИМЕНОВАНИЕ ОРГАНИЗАЦИИ - ВТОРИЧНАЯ ОТВЕТСТВЕННОСТЬ
Код отношения Прочие
Начальный элемент ввода "Агрообразование", международная ассоциация
Идентификатор авторитетной/нормативной записи RU\NLR\AUTH\8810085366
Системный номер авторитетной/нормативной записи 672718
801 #0 - ИСТОЧНИК ЗАПИСИ
Страна Российская Федерация
Организация NLR
Дата составления 20070117
Правила каталогизации RCR
801 #1 - ИСТОЧНИК ЗАПИСИ
Страна Российская Федерация
Организация NLR
Дата составления 20070117
830 ## - ОБЩЕЕ ПРИМЕЧАНИЕ, СОСТАВЛЕННОЕ КАТАЛОГИЗАТОРОМ
Текст примечания сост. по ЭК
852 ## - МЕСТОНАХОЖДЕНИЕ И ШИФР ХРАНЕНИЯ
Идентификатор организации NLR
Шифр хранения (Call Number) ФГО
942 ## - ДОПОЛНИТЕЛЬНЫЕ ЭЛЕМЕНТЫ ЗАПИСИ (АБИС)
Тип экземпляра АБИС Книга
980 ## - КОЛЛЕКЦИЯ
Название коллекции Национальная библиография
Экземпляры
Тип экземпляра Дата поступления Источник поступления Библиотека постоянного хранения Библиотека текущего хранения Место хранения Штрих-код Статус экземпляра Шифр хранения
Книга 17.01.2007 Обязательный экземпляр РНБ (Московский) РНБ (Московский) Фонд изданий групповой обработки 2339596    
Книга 17.01.2007 Обязательный экземпляр РНБ (Садовая) РНБ (Садовая) Универсальный читальный зал 1-198847   У П8/П-691